Festvorbereitungen : die administrativen und okonomischen Grundlagen altagyptischer Feste /

محفوظ في:

المؤلف الرئيسي: Sayed Mohamed, Zeinab (مؤلف)

التنسيق: كتاب

اللغة: German

منشور في: Fribourg, Schweiz : Göttingen : Academic Press ; Vandenhoeck & Ruprecht, 2004.

سلاسل: Orbis biblicus et orientalis, 202.
OBO ; 202.

الموضوعات:

الوسوم: إضافة وسم

لا توجد وسوم, كن أول من يضع وسما على هذه التسجيلة!

رقم الطلب: DS41 .O5 v.202

LEADER 01094namaa2200313 4500
001 12479
003 OSt
005 20250327112047.0
008 130303s2004 sz a b 001 0 ger d
020 |a 3525530595 
020 |a 3727814764 
040 |c ARCE Library 
043 |a f-ua--- 
050 4 |a DS41 .O5 v.202 
100 1 |a Sayed Mohamed, Zeinab,  |e author 
245 1 0 |a Festvorbereitungen :  |b die administrativen und okonomischen Grundlagen altagyptischer Feste /  |c Zeinab Sayed Mohamed. 
264 1 |a Fribourg, Schweiz :  |b Academic Press ;  |a Göttingen :  |b Vandenhoeck & Ruprecht,  |c 2004. 
300 |a xv, 185 pages :  |b illustration ;  |c 24 cm. 
490 1 |a Orbis biblicus et orientalis,   |x 1015-1850 ;   |v 202. 
490 1 |a OBO ;   |v 202. 
504 |a Includes bibliographical references (pages [149]-165) and indexes. 
650 0 |a Fasts and feasts  |z Egypt  |x History. 
650 0 |a Festivals  |z Egypt  |x History. 
651 0 |a Egypt  |x Religion. 
830 0 |a Orbis biblicus et orientalis,   |x 1015-1850 ;   |v 202. 
830 0 |a OBO ;   |v 202. 
901 |a reviewed 
942 |c BK  |2 lcc 
999 |c 10786  |d 10786